000 00493nam a2200169 a 4500
001 000048037
005 20201002060858.0
008 181102s2018 dr 000 spa d
020 _a9789945503241
040 _aDO-SdBNP
_bspa
_cBNPHU
082 _axxx
_bC957c
100 _aCruz Durán, Giovanny
_975533
245 0 _aCódices en las cortesías de mis libros /
_cGiovanny Cruz Durán.
260 _aSanto Domingo :
_bNacional,
_c2018.
300 _a163 p.
590 _aInventariado, 2018 / DG
999 _c47525
_d47525